मिथकीय सीमओं से परे'रुद्रावतार/ (Record no. 199284)

MARC details
000 -LEADER
fixed length control field 00799nam a22002057a 4500
005 - DATE AND TIME OF LATEST TRANSACTION
control field 20231129110620.0
010 ## - LCCN (DPL NO)
LC control number HIN-126417
020 ## - INTERNATIONAL STANDARD BOOK NUMBER
International Standard Book Number 9789390265626
Terms of availability 250.00
035 ## - SYSTEM CONTROL NUMBER
System control number HN-98763
037 ## - SOURCE OF ACQUISITION
Source of stock number/acquisition DBAD/PUB.
082 ## - DEWEY DECIMAL CLASSIFICATION NUMBER
Classification number 821.08
100 ## - MAIN ENTRY--PERSONAL NAME
Personal name माली,दिनेश कुमार
245 ## - TITLE STATEMENT
Title मिथकीय सीमओं से परे'रुद्रावतार/
Statement of responsibility, etc दिनेश कुमार माली
250 ## - EDITION STATEMENT
Edition statement 1
260 ## - PUBLICATION, DISTRIBUTION, ETC. (IMPRINT)
Name of publisher, distributor, etc अमन प्रकाशन
Date of publication, distribution, etc 2021
Place of publication, distribution, etc कानपुर
270 ## - ADDRESS
Address 104-ए/80 सी रामबाग
City कानपुर
Postal code 208012
300 ## - PHYSICAL DESCRIPTION
Extent 112 पृष्ट;
Dimensions 23 सेमी (सजिल्द)
710 ## - ADDED ENTRY--CORPORATE NAME
9 (RLIN) 59164
942 ## - ADDED ENTRY ELEMENTS (KOHA)
Institution code [OBSOLETE] DPL
Item type Hindi Books
Source of classification or shelving scheme Dewey Decimal Classification
Classification part 821.08
Call number suffix मालीदि
Holdings
Withdrawn status Lost status Not for loan Collection code Home library Current library Date acquired Source of acquisition Cost, normal purchase price Full call number Barcode Copy number Cost, replacement price Koha item type
      Non-fiction Vinoba Puri Vinoba Puri 29/11/2023 DBAD/PUB 250.00 821.08 मालीदि HN-98763 1 250.00 Hindi Books

© Delhi Public Library
Hit Counter
free hit counter